[Event "Sardinia World Open A"]
[Site "Orosei ITA"]
[Date "2025.05.01"]
[Round "7.28"]
[White "Balinski, Damian"]
[Black "Wecker, Martin"]
[Result "1/2-1/2"]
[WhiteElo "2183"]
[BlackElo "2035"]
[WhiteFideId "1120913"]
[BlackFideId "12931462"]
[EventDate "2025.04.27"]

1. e4 c5 2. Nf3 e6 3. b3 b6 4. d4 cxd4 5. Nxd4 Bb7 6. Nd2 Nc6 7. Nxc6 Bxc6 8.
Bb2 Qg5 9. h4 Qf4 10. g3 Qc7 11. Bd3 Nf6 12. Qe2 h5 13. O-O-O O-O-O 14. Rhe1 Ng4
15. f3 Ne5 16. Ba6+ Kb8 17. f4 Ng4 18. Nc4 b5 19. Ne5 Nxe5 20. Bxe5 d6 21. Bxb5
dxe5 22. Rxd8+ Qxd8 23. Bxc6 Ba3+ 24. Kb1 Qb6 25. Qb5 Rd8 26. Qxe5+ Kc8 27. Qb5
Rd2 28. Qxb6 axb6 29. Be8 f6 30. Bxh5 Rg2 31. Bd1 Rxg3 32. c4 Rg2 33. Re2 Rxe2
34. Bxe2 e5 35. fxe5 fxe5 36. h5 Kc7 37. Kc2 Kc6 38. Kc3 Kc5 39. Bg4 b5 40. cxb5
Kxb5 41. Be6 Kc5 42. Kd3 Kb4 43. Bd5 Bc1 44. Ke2 Ka3 45. Kd3 Kb4 46. Kc2 Be3 47.
Bg8 Bd4 48. Kd3 Bb2 49. Bf7 Bc1 50. Ke2 Kc3 51. Kf3 Kb4 52. Kg4 Bd2 53. Kf5 Bf4
54. Ke6 Ka3 55. Kd5 Kb4 56. Kd6 Bg3 57. Kc6 Bf2 58. Bc4 Be3 59. Be2 Bf2 60. Kd5
Bg3 61. Ke6 Bf4 62. Kf5 Ka3 63. Bc4 Kb4 64. Bd5 Ka3 65. Be6 Kb4 66. Bf7 Ka3 67.
Kg4 Kb4 68. Kf3 Bc1 69. Ke2 Kc3 70. Be6 Ba3 71. Kd1 Bc5 72. a4 Kb4 73. Ke2 Bb6
74. Kd3 Bd8 75. Bf7 Bb6 76. Bd5 Bd8 77. Ke2 Bg5 78. Kf3 Bd2 79. Kg4 Be3 80. Bc4
Bd2 81. Kf5 Bf4 82. Kg6 Bh6 83. Bd5 Ka5 84. Kf7 Kb4 85. Bc4 Ka5 86. Ke6 Bf4 87.
Kd6 Kb4 88. Bf7 Bg3 89. Kd5 Bf4 90. Kc6 Be3 91. Kc7 Bf2 92. Kb7 Be3 93. Be8 Bf2
94. Kc6 Be3 95. Kd6 Bf4 96. Ke6 Ka5 97. Kf5 Kb4 98. Kg4 Ka5 99. Kf3 Kb4 100. Ke2
Bg5 101. Kd3 Bd8 102. Bf7 Bb6 103. Ke2 Bd8 104. Kd2 Bg5+ 105. Kd3 Bd8 106. Bg8
Bb6 107. Ke2 Bd8 108. Ke3 Bg5+ 109. Ke2 Bd8 110. Kf2 Bg5 111. Kf3 Bc1 112. Kg4
Bd2 113. Kf5 Bf4 114. Bd5 Ka5 115. Ke6 Kb4 116. Kd6 Bg3 117. Bf7 Bf4 118. Kd5
Bg3 119. Be8 Bf4 120. a5 Kxa5 121. Kc5 Be3+ 122. Kc4 Kb6 123. b4 Bf2 124. Ba4
Be1 125. Kd5 Bg3 126. Kd6 Bh2 127. Ke7 Bf4 128. Ke6 Kc7 129. Be8 Kb6 130. Kf5
Kc7 131. Kg6 Bh6 132. Kf7 Kb6 133. Ke6 Bf4 134. Ba4 Kc7 135. Kf5 Kb6 136. Kg6 1/2-1/2

[Event "Sardinia World Open A"]
[Site "Orosei ITA"]
[Date "2025.05.01"]
[Round "7.29"]
[White "Gut, Lionel"]
[Black "Vihaan Karthikeya N"]
[Result "1-0"]
[WhiteElo "2177"]
[BlackElo "2025"]
[WhiteFideId "1339966"]
[BlackFideId "25950673"]
[EventDate "2025.04.27"]

1. d4 d5 2. c4 e6 3. Nc3 Be7 4. cxd5 exd5 5. Bf4 Nf6 6. e3 O-O 7. Bd3 Bg4 8.
Nge2 Nbd7 9. O-O Bh5 10. Rc1 c6 11. f3 c5 12. Kh1 Bg6 13. Ng3 cxd4 14. exd4 Bxd3
15. Qxd3 Nb6 16. Nf5 Bb4 17. Nb5 Nc4 18. b3 Na3 19. Be5 Qb6 20. Nc7 Rad8 21. Qe3
Ne8 22. Nxe8 Rfxe8 23. Nxg7 f6 24. Nxe8 Rxe8 25. f4 fxe5 26. fxe5 Qg6 27. Rc7
Nc2 28. Qf3 Kh8 29. Rxc2 Rf8 30. Qxf8+ Bxf8 31. Rxf8+ Kg7 32. Rcf2 Qe4 33. R8f4
Qe1+ 34. Rf1 Qe2 35. h3 h5 36. Rf7+ Kg8 37. R7f6 b5 38. e6 a5 39. e7 Qxe7 40.
Rf8+ Kg7 41. R8f7+ Qxf7 42. Rxf7+ Kxf7 43. g4 Kf6 44. Kg2 a4 45. bxa4 bxa4 46.
a3 h4 47. Kf3 Kg5 48. Ke3 Kf6 49. Kf4 Kg6 50. Ke5 Kg5 51. Kxd5 Kf4 52. Kc5 Kg3
53. g5 Kxh3 54. g6 Kh2 55. g7 Kh1 56. g8=Q h3 57. Qc4 Kg1 58. Qxa4 h2 59. Qd1+
Kg2 60. d5 1-0

[Event "Sardinia World Open A"]
[Site "Orosei ITA"]
[Date "2025.05.01"]
[Round "7.30"]
[White "Duraccio, Walter Mattia"]
[Black "Sitbon, Itay"]
[Result "1-0"]
[WhiteElo "2020"]
[BlackElo "2177"]
[WhiteFideId "2865713"]
[BlackFideId "2820706"]
[EventDate "2025.04.27"]

1. c4 e5 2. g3 d6 3. Nc3 f5 4. Bg2 Nf6 5. e3 Be7 6. Nge2 c6 7. d4 O-O 8. h4 Kh8
9. b3 Na6 10. Bb2 Be6 11. O-O Ng4 12. dxe5 dxe5 13. Qxd8 Raxd8 14. Rad1 Nb4 15.
Ba3 a5 16. Bf3 h5 17. Kg2 Bf7 18. e4 Bg6 19. exf5 Bxf5 20. Rxd8 Rxd8 21. Be4 g6
22. Bxf5 gxf5 23. Rd1 Kg7 24. Rxd8 Bxd8 25. Bxb4 axb4 26. Na4 Be7 27. Nc1 e4 28.
f3 Ne3+ 29. Kf2 Nd1+ 30. Ke2 Nc3+ 31. Nxc3 exf3+ 32. Kxf3 bxc3 33. Ke3 f4+ 34.
Kxf4 Bd6+ 35. Ke4 Ba3 36. Ne2 c2 37. Kf5 c1=Q 38. Nxc1 Bxc1 39. Ke6 Kg6 40. a4
Be3 41. Kd7 Kf5 42. Kc7 b6 43. Kxc6 Kg4 44. b4 Kxg3 45. c5 bxc5 46. bxc5 Bd2 47.
Kb6 Kxh4 48. c6 Bf4 49. c7 Bxc7+ 50. Kxc7 Kg3 51. a5 h4 52. a6 h3 53. a7 Kg2 54.
a8=Q+ Kg1 55. Qg8+ Kh1 56. Qd5+ Kg1 57. Qd4+ Kg2 58. Qg4+ Kh2 59. Kd6 1-0

[Event "Sardinia World Open A"]
[Site "Orosei ITA"]
[Date "2025.05.01"]
[Round "7.31"]
[White "Advaitt Srikant Koduri"]
[Black "Gagliardi, Cristian"]
[Result "1-0"]
[WhiteElo "2017"]
[BlackElo "2165"]
[WhiteFideId "25185454"]
[BlackFideId "810665"]
[EventDate "2025.04.27"]

1. d4 Nf6 2. Nf3 g6 3. Bf4 Bg7 4. c3 O-O 5. e3 d6 6. h3 Nfd7 7. Be2 e5 8. Bh2
Nc6 9. O-O f5 10. a4 Kh8 11. a5 a6 12. d5 Ncb8 13. c4 g5 14. Nc3 g4 15. hxg4
fxg4 16. Nd2 Nf6 17. c5 dxc5 18. Bxe5 Nbd7 19. Bh2 h5 20. Nc4 Nh7 21. Qd3 b5 22.
axb6 cxb6 23. Qg6 Rf6 24. Qxh5 Rh6 25. Nd6 Ne5 26. Qe8+ Qxe8 27. Nxe8 Rh5 28.
Nxg7 Kxg7 29. f4 gxf3 30. Bxf3 Nxf3+ 31. Rxf3 Bd7 32. e4 a5 33. Raf1 Rf8 34. e5
Rxf3 35. Rxf3 Nf8 36. Ne4 Rh4 37. Nf6 Bc8 38. Ne8+ Kg8 39. Rg3+ Kh7 40. Nf6+ Kh6
41. Rg8 1-0

[Event "Sardinia World Open A"]
[Site "Orosei ITA"]
[Date "2025.05.01"]
[Round "7.32"]
[White "Gut, Raphael"]
[Black "Akshat Sureka"]
[Result "1/2-1/2"]
[WhiteElo "2150"]
[BlackElo "2009"]
[WhiteFideId "1339974"]
[BlackFideId "25774492"]
[EventDate "2025.04.27"]

1. d4 Nf6 2. c4 e6 3. Nc3 Bb4 4. e3 Bxc3+ 5. bxc3 b6 6. Bd3 Bb7 7. Nf3 d6 8. O-O
e5 9. Bc2 e4 10. Nd2 Nbd7 11. d5 Qe7 12. f3 Nc5 13. Ba3 exf3 14. Qxf3 Ncd7 15.
Rae1 O-O-O 16. Qh3 Kb8 17. e4 Ne5 18. Qe3 h5 19. Qe2 Ba6 20. Bb3 Rh6 21. Nf3
Nxf3+ 22. Qxf3 Qe5 23. Bc1 g5 24. Qf5 Rg8 25. Qxe5 dxe5 26. Rf5 Ne8 27. Rxe5 f6
28. Re6 Rh7 29. Ba3 Bc8 30. Re7 Rxe7 31. Bxe7 Rg7 32. Ba3 Nd6 33. c5 Nb5 34. Bb2
bxc5 35. a4 Nd6 36. c4 Re7 37. Bc2 f5 38. Bf6 Rxe4 39. Bxe4 Nxe4 40. Be7 Ba6 41.
Rc1 Kc8 42. h4 g4 43. Rc2 1/2-1/2

[Event "Sardinia World Open A"]
[Site "Orosei ITA"]
[Date "2025.05.01"]
[Round "7.33"]
[White "Ciobanu, Camelia-Adriana"]
[Black "Stocek, Jiri"]
[Result "1/2-1/2"]
[WhiteTitle "WIM"]
[BlackTitle "GM"]
[WhiteElo "2115"]
[BlackElo "2492"]
[WhiteFideId "1209477"]
[BlackFideId "304760"]
[EventDate "2025.04.27"]

1. e4 d6 2. Nc3 g6 3. g3 Bg7 4. Bg2 Nf6 5. Nge2 O-O 6. O-O Nbd7 7. h3 Rb8 8. a4
b6 9. a5 c5 10. axb6 axb6 11. Nb5 Bb7 12. Nec3 Ra8 13. Rxa8 Qxa8 14. d3 Rc8 15.
Qe2 Bc6 16. b3 Ne8 17. Nd5 Kf8 18. Na3 b5 19. f4 Bd4+ 20. Kh2 e6 21. Ne3 Rb8 22.
f5 exf5 23. exf5 Nef6 24. fxg6 hxg6 25. c4 Bxg2 26. Nxg2 bxc4 27. bxc4 Re8 28.
Qd1 Be5 29. Nf4 Kg7 30. Nc2 Qa2 31. Rf2 Qb1 32. Na3 Qb7 33. Nb5 Rh8 34. Qf3 Qxf3
35. Rxf3 g5 36. Ne2 g4 37. Rf5 Rxh3+ 38. Kg2 Rh8 39. Bf4 Rh5 40. Nxd6 Bxd6 41.
Rxh5 Bxf4 42. Nxf4 Nxh5 43. Nxh5+ Kg6 44. Nf4+ Kf5 45. Kf2 Ke5 46. Ke3 Nf6 47.
Ke2 Ne8 48. Nd5 Ng7 49. Nc3 f5 50. Ke3 Nh5 51. Na4 Nxg3 52. Nxc5 f4+ 53. Kf2 Nf5
54. Ne4 g3+ 55. Kf3 Nh4+ 56. Ke2 Kf5 57. c5 Kg4 58. c6 f3+ 59. Kf1 g2+ 60. Kf2
Kh3 61. Kg1 Nf5 62. c7 Ne7 63. d4 Nc8 64. d5 Nd6 65. Nxd6 f2+ 66. Kxf2 Kh2 67.
c8=Q g1=Q+ 68. Kf3 Qg2+ 69. Ke3 Qxd5 70. Qh8+ Kg2 71. Qg7+ Kh2 72. Qb2+ Qg2 73.
Qf6 Qg1+ 74. Ke4 Qh1+ 75. Kd3 Qd1+ 76. Kc4 Qa4+ 77. Kd5 Qa8+ 78. Ke6 Qa2+ 79.
Ke7 Qa7+ 80. Kf8 Qa8+ 81. Kg7 Qg2+ 82. Kh7 Qh3+ 83. Kg8 Qg2+ 84. Kh7 Qh3+ 85.
Qh6 Kg2 86. Ne4 1/2-1/2

[Event "Sardinia World Open A"]
[Site "Orosei ITA"]
[Date "2025.05.01"]
[Round "7.34"]
[White "Brunello, Marina"]
[Black "Pecci, William"]
[Result "1/2-1/2"]
[WhiteTitle "IM"]
[WhiteElo "2325"]
[BlackElo "2105"]
[WhiteFideId "822590"]
[BlackFideId "2831940"]
[EventDate "2025.04.27"]

1. Nf3 d5 2. g3 c6 3. Bg2 Bg4 4. c4 e6 5. O-O Nd7 6. d3 Ngf6 7. cxd5 exd5 8. Nc3
Be7 9. h3 Bh5 10. e4 dxe4 11. dxe4 Nc5 12. Qe2 Qd3 13. Re1 Qxe2 14. Rxe2 Ne6 15.
Be3 Bxf3 16. Bxf3 Bc5 17. Bg2 Bxe3 18. Rxe3 O-O-O 19. e5 Nd7 20. f4 Nd4 21. Rc1
Nf5 22. Rf3 Nd4 23. Rf2 Nc5 24. Bf1 a5 25. Re1 g6 26. Kh2 1/2-1/2

[Event "Sardinia World Open A"]
[Site "Orosei ITA"]
[Date "2025.05.01"]
[Round "7.35"]
[White "Wolfer, Noah"]
[Black "Kienboeck, Benjamin"]
[Result "0-1"]
[BlackTitle "FM"]
[WhiteElo "1961"]
[BlackElo "2240"]
[WhiteFideId "34648054"]
[BlackFideId "1649353"]
[EventDate "2025.04.27"]

1. c4 Nf6 2. Nf3 e6 3. g3 d5 4. Bg2 dxc4 5. Qa4+ Nbd7 6. Qxc4 a6 7. Qc2 c5 8.
Nc3 Qc7 9. a4 b6 10. O-O Bb7 11. Rd1 Rc8 12. d4 cxd4 13. Nxd4 Bxg2 14. Kxg2 Bb4
15. Bd2 O-O 16. Qb3 Bc5 17. Bg5 h6 18. Bxf6 Nxf6 19. h3 Rfd8 20. Nf3 Qb7 21.
Rxd8+ Rxd8 22. Rd1 Rc8 23. Rd2 g6 24. Qd1 Qc7 25. e4 Bb4 26. Rd3 Qb7 27. Rd8+
Kg7 28. Rxc8 Qxc8 29. Qd3 Bxc3 30. bxc3 Qb7 31. Nd2 Nd7 32. Qd4+ Kh7 33. Nc4 Qc6
34. a5 b5 35. Nb6 Nc5 36. f3 Qc7 37. h4 h5 38. e5 Kg7 39. g4 hxg4 40. fxg4 Nb3
41. Qd6 Qxc3 42. Nd7 Qd2+ 43. Kf1 Qxd6 44. exd6 Nxa5 45. Nc5 Nc6 46. Nb7 a5 47.
Ke1 a4 48. Kd1 f5 49. gxf5 exf5 50. d7 Kf6 51. d8=Q+ Nxd8 52. Nxd8 a3 53. Kc2 a2
54. Kb2 f4 55. Nb7 f3 56. Nc5 Kf5 57. Nd3 Ke4 58. Nf2+ Ke3 59. Ng4+ Ke2 60. Kxa2
f2 0-1

[Event "Sardinia World Open A"]
[Site "Orosei ITA"]
[Date "2025.05.01"]
[Round "7.36"]
[White "Grot, Blazej"]
[Black "Nortier, Julien"]
[Result "1-0"]
[WhiteTitle "CM"]
[WhiteElo "2206"]
[BlackElo "2083"]
[WhiteFideId "21835845"]
[BlackFideId "36084140"]
[EventDate "2025.04.27"]

1. e4 c5 2. Nf3 Nc6 3. d4 cxd4 4. Nxd4 e5 5. Nb5 d6 6. N1c3 a6 7. Na3 b5 8. Nd5
Nge7 9. c4 Nd4 10. cxb5 Nxd5 11. exd5 Be7 12. Bd3 Bd7 13. bxa6 Qa5+ 14. Bd2 Qxd5
15. O-O O-O 16. Re1 Qe6 17. Bc3 Qf6 18. Bxd4 exd4 19. b4 Rfb8 20. Rb1 d5 21. Nc2
Bd6 22. b5 Rb6 23. Qh5 g5 24. Qxh7+ Kf8 25. a4 Rbb8 26. a5 Be6 27. b6 Ke7 28.
Bf5 Be5 29. Bxe6 Kxe6 30. Nxd4+ Kd7 31. Rxe5 Qxe5 32. Qxf7+ Qe7 33. Qxe7+ 1-0

[Event "Sardinia World Open A"]
[Site "Orosei ITA"]
[Date "2025.05.01"]
[Round "7.37"]
[White "Catanzaro, Claudio"]
[Black "Beliman, Alexandro"]
[Result "1/2-1/2"]
[WhiteElo "1973"]
[BlackElo "2152"]
[WhiteFideId "28552024"]
[BlackFideId "28512413"]
[EventDate "2025.04.27"]

1. e4 c5 2. Nf3 d6 3. d4 cxd4 4. Nxd4 Nf6 5. Nc3 Nc6 6. Bg5 Bd7 7. Qd2 a6 8.
O-O-O e6 9. Kb1 Nxd4 10. Qxd4 Be7 11. f4 Bc6 12. f5 Qa5 13. Bc4 exf5 14. Rhf1
fxe4 15. Nxe4 Nxe4 16. Qxg7 O-O-O 17. Bxe7 Nd2+ 18. Rxd2 Qxd2 19. Bxd8 Rxd8 20.
Qxh7 Bxg2 21. Qf5+ Rd7 22. Qf2 Qb4 23. Qxg2 Qxc4 24. Qg8+ Kc7 25. Rf3 Re7 26.
Qg3 Qe4 27. a3 Qe5 28. Qg8 Qe1+ 29. Ka2 Kd7 30. Rc3 Qe6+ 31. b3 Re8 32. Qg2 d5
33. Rd3 Kc6 34. Rc3+ Kd7 35. Rd3 Kc6 36. Qg7 Kc7 37. Qd4 Kb8 38. h4 Qe4 39. Qxd5
Qxh4 40. Qxf7 Rc8 41. Rd2 Qe4 42. Qf2 Ka8 43. Kb2 Qe5+ 44. Qd4 Qxd4+ 45. Rxd4
Ka7 46. Rd7 Kb6 47. c4 Kc6 48. Rg7 Rf8 49. Kc3 Rf3+ 50. Kb4 b6 51. Rg6+ Kb7 52.
Ka4 Rf4 53. Rg3 a5 54. Rc3 Ka6 55. b4 axb4 56. axb4 Rxc4 57. Rxc4 1/2-1/2

[Event "Sardinia World Open A"]
[Site "Orosei ITA"]
[Date "2025.05.01"]
[Round "7.38"]
[White "Markuszewski, Maksymilian"]
[Black "Verga, Francesco"]
[Result "1-0"]
[WhiteElo "2147"]
[BlackElo "1982"]
[WhiteFideId "651018306"]
[BlackFideId "28500598"]
[EventDate "2025.04.27"]

1. d4 Nf6 2. c4 e6 3. Nf3 d5 4. Nc3 c6 5. e3 Nbd7 6. Qc2 Bd6 7. Bd3 dxc4 8. Bxc4
e5 9. O-O O-O 10. Rd1 Qe7 11. e4 exd4 12. Nxd4 Ne5 13. Be2 c5 14. Ndb5 Bb8 15.
Bg5 Ned7 16. Nd5 Qxe4 17. Qxe4 Nxe4 18. Be7 a6 19. Bxf8 Kxf8 20. Ndc7 Bxc7 21.
Nxc7 Rb8 22. a4 Nef6 23. Ra3 Ne5 24. Nd5 Be6 25. Nxf6 gxf6 26. Rc3 Nd7 27. Bc4
Ke7 28. f4 b5 29. Bxe6 fxe6 30. axb5 axb5 31. Ra3 Rb7 32. Rh3 Nf8 33. Rc1 c4 34.
b3 cxb3 35. Rxb3 Kd6 36. Rd3+ Ke7 37. Rb1 e5 38. fxe5 fxe5 39. Rd5 Ke6 40. Rbxb5
Rxb5 41. Rxb5 Nd7 42. Kf2 Nf6 43. Ra5 Kf5 44. Kf3 h5 45. Kg3 Ne4+ 46. Kh4 Nf6
47. g3 Ng4 48. h3 Nf6 49. Rb5 Ke6 50. Kg5 Ne4+ 51. Kxh5 Nxg3+ 52. Kg4 Ne4 53. h4
Nd6 54. Ra5 Kf7 55. Rxe5 1-0

[Event "Sardinia World Open A"]
[Site "Orosei ITA"]
[Date "2025.05.01"]
[Round "7.39"]
[White "Kanyamarala, Trisha"]
[Black "Destic, Elena"]
[Result "1/2-1/2"]
[WhiteTitle "WIM"]
[WhiteElo "2185"]
[BlackElo "1939"]
[WhiteFideId "45004722"]
[BlackFideId "36001988"]
[EventDate "2025.04.27"]

1. d4 c6 2. c4 d5 3. Nf3 Nf6 4. Nc3 e6 5. e3 Ne4 6. Bd3 f5 7. Ne5 Qh4 8. O-O Nd7
9. f4 Be7 10. Rf3 Nxe5 11. dxe5 Nxc3 12. bxc3 Bc5 13. cxd5 exd5 14. Kh1 Be6 15.
a4 Qe7 16. a5 O-O 17. Rh3 g6 18. Bd2 Rf7 19. Be1 Qc7 20. Rf3 Rd8 1/2-1/2

[Event "Sardinia World Open A"]
[Site "Orosei ITA"]
[Date "2025.05.02"]
[Round "8.1"]
[White "Dardha, Daniel"]
[Black "Yoo, Christopher Woojin"]
[Result "1/2-1/2"]
[WhiteTitle "GM"]
[BlackTitle "GM"]
[WhiteElo "2650"]
[BlackElo "2588"]
[WhiteFideId "240990"]
[BlackFideId "30909694"]
[EventDate "2025.04.27"]

1. d4 d5 2. c4 e6 3. Nc3 Nf6 4. cxd5 exd5 5. Bg5 c6 6. e3 Bf5 7. Qf3 Bg6 8. Bxf6
Qxf6 9. Qxf6 gxf6 10. h4 h5 11. Rd1 Nd7 12. Bd3 Nb6 13. Kd2 O-O-O 14. Nh3 Bb4
15. Kc2 Kb8 16. Nf4 Bxd3+ 17. Nxd3 Bxc3 18. Kxc3 Rdg8 19. g3 Nc8 20. Rc1 a5 21.
Nf4 Nd6 22. Kd3 a4 23. Ke2 Re8 24. Rc2 Ne4 25. Rd1 Ka7 26. Nd3 Kb6 27. Nc5 Nxc5
28. Rxc5 Rhg8 29. Kf3 Rg4 30. b4 axb3 31. axb3 Ra8 32. Rb1 Ra3 33. Kg2 Kc7 34.
b4 b6 35. Rcc1 b5 36. Ra1 Rxa1 37. Rxa1 Kb7 38. f3 Rg8 39. g4 hxg4 40. h5 gxf3+
41. Kxf3 Rh8 42. Kg4 Rh6 43. Rf1 Kc7 44. Rf5 Kd6 45. e4 dxe4 46. Kf4 Ke6 47.
Kxe4 Kd6 48. Rc5 Rh8 49. Kf4 Rh6 50. Kf3 Rh8 51. Rf5 Ke6 52. Rc5 Kd6 53. Ke4 Rh7
54. Rf5 Rh6 55. Ke3 Ke6 56. Rc5 Kd6 57. Kf4 Rh8 58. Kg4 Rh7 59. Kf3 Rh8 60. Ke4
Rh7 61. d5 f5+ 1/2-1/2

[Event "Sardinia World Open A"]
[Site "Orosei ITA"]
[Date "2025.05.02"]
[Round "8.2"]
[White "Admiraal, Miguoel"]
[Black "Travadon, Loic"]
[Result "1/2-1/2"]
[WhiteTitle "IM"]
[BlackTitle "IM"]
[WhiteElo "2454"]
[BlackElo "2451"]
[WhiteFideId "1019716"]
[BlackFideId "26092131"]
[EventDate "2025.04.27"]

1. d4 Nf6 2. Bf4 g6 3. Nc3 d5 4. Qd2 Bg7 5. Bh6 Bxh6 6. Qxh6 Bf5 7. f3 Bxc2 8.
g4 b5 9. Rc1 b4 10. Rxc2 bxc3 11. Rxc3 Nbd7 12. e3 Rb8 13. b3 c5 14. Ne2 Qa5 15.
Kf2 Qxa2 16. dxc5 Rxb3 17. Rxb3 Qxb3 18. Nd4 Qb2+ 19. Kg3 Nxc5 20. Bb5+ Ncd7 21.
h4 a6 22. Rh2 Qb1 23. Rc2 Qg1+ 24. Kh3 Qh1+ 25. Kg3 Qg1+ 26. Kh3 Qh1+ 1/2-1/2

[Event "Sardinia World Open A"]
[Site "Orosei ITA"]
[Date "2025.05.02"]
[Round "8.3"]
[White "Narayanan, S.L."]
[Black "Moroni, Luca Jr"]
[Result "1-0"]
[WhiteTitle "GM"]
[BlackTitle "GM"]
[WhiteElo "2601"]
[BlackElo "2545"]
[WhiteFideId "5058422"]
[BlackFideId "865834"]
[EventDate "2025.04.27"]

1. c4 Nf6 2. Nc3 g6 3. e4 d6 4. d4 Bg7 5. Be2 O-O 6. Be3 Na6 7. h3 c6 8. Nf3 Nc7
9. O-O a6 10. a4 a5 11. Rc1 Na6 12. Bd3 Nd7 13. Qd2 b6 14. Rfe1 Nb4 15. Bb1 Re8
16. Rcd1 Qc7 17. Bh6 Bxh6 18. Qxh6 e5 19. b3 Bb7 20. Ne2 Nf8 21. Nh2 Rad8 22.
Ng4 Qe7 23. Ng3 f6 24. Nf5 gxf5 25. Nxf6+ Kh8 26. exf5 Nd7 27. Nxe8 Rxe8 28.
dxe5 dxe5 29. Rd6 Rg8 30. f6 Qf7 1-0

[Event "Sardinia World Open A"]
[Site "Orosei ITA"]
[Date "2025.05.02"]
[Round "8.4"]
[White "Sonis, Francesco"]
[Black "Bettalli, Francesco"]
[Result "1/2-1/2"]
[WhiteTitle "GM"]
[BlackTitle "FM"]
[WhiteElo "2576"]
[BlackElo "2355"]
[WhiteFideId "895733"]
[BlackFideId "2816453"]
[EventDate "2025.04.27"]

1. Nf3 d5 2. g3 Nd7 3. d4 Nb6 4. b3 c6 5. Qd3 Nf6 6. Bg2 Bg4 7. a4 a5 8. Ne5 Bh5
9. Ba3 e6 10. Bxf8 Kxf8 11. O-O Nfd7 12. e4 Nxe5 13. dxe5 dxe4 14. Qxe4 Bg6 15.
Qe2 Qd4 16. Na3 Ke7 17. Rfd1 Qc5 18. h4 h6 19. h5 Bh7 20. Nc4 Nxc4 21. bxc4 Rhd8
22. Rdb1 Rd7 23. Rb3 Rb8 24. Rab1 b6 25. R1b2 Rd4 26. c3 Rd3 27. Kh2 Bf5 28. f4
Rdd8 29. Qf3 Rdc8 30. Qd1 Rd8 31. Qg1 Qxc4 32. Rxb6 Rxb6 33. Qxb6 Qxc3 34. Qa7+
Rd7 35. Rb7 Rxb7 36. Qxb7+ Kd8 37. Qxf7 Qc2 38. Qf8+ Kc7 39. Qxg7+ Kb6 40. Qd7
Qxa4 41. Qd8+ Kb7 42. Qe7+ Kb6 43. Qf8 Be4 44. Qb8+ Kc5 45. Qa7+ Kd5 46. Qd7+
Kc5 47. Qd6+ Kb6 48. Qd8+ Kb7 49. Qd7+ Kb6 50. Bxe4 Qxe4 51. Kh3 Qe2 52. Qxe6
Qxh5+ 53. Kg2 Qe2+ 54. Kh3 a4 55. Qd6 Qh5+ 56. Kg2 Qe2+ 1/2-1/2

[Event "Sardinia World Open A"]
[Site "Orosei ITA"]
[Date "2025.05.02"]
[Round "8.5"]
[White "Kiolbasa, Oliwia"]
[Black "Samunenkov, Ihor"]
[Result "0-1"]
[WhiteTitle "IM"]
[BlackTitle "GM"]
[WhiteElo "2361"]
[BlackElo "2572"]
[WhiteFideId "1154613"]
[BlackFideId "14187086"]
[EventDate "2025.04.27"]

1. e4 c6 2. d4 d5 3. e5 Bf5 4. Nf3 e6 5. Be2 Ne7 6. O-O c5 7. c3 Nec6 8. Be3 Nd7
9. Nbd2 Be7 10. a3 c4 11. Ne1 O-O 12. f4 f6 13. Bg4 Bxg4 14. Qxg4 f5 15. Qe2 b5
16. g4 Nb6 17. b4 a5 18. Nc2 Na4 19. Nb1 fxg4 20. Qxg4 Qd7 21. Bf2 Nb2 22. Nd2
Nd3 23. Bg3 Bd8 24. Ne1 Nxe1 25. Rfxe1 Ne7 26. Bh4 Ng6 27. Bg3 Bb6 28. Nf1 Ne7
29. Ne3 Nf5 30. Nxf5 Rxf5 31. Bf2 Qa7 32. Kg2 Bd8 33. Bh4 h5 34. Qg3 Bxh4 35.
Qxh4 Qf7 36. Rf1 axb4 37. cxb4 Rf8 38. Qh3 Rxf4 39. Rxf4 Qxf4 40. Qxe6+ Kh7 41.
Qxd5 Qg4+ 42. Kh1 Qe2 43. Qg2 Rf2 44. Qh3 Qe4+ 45. Kg1 Qxd4 0-1

[Event "Sardinia World Open A"]
[Site "Orosei ITA"]
[Date "2025.05.02"]
[Round "8.6"]
[White "Lodici, Lorenzo"]
[Black "Raja, Harshit"]
[Result "1-0"]
[WhiteTitle "GM"]
[BlackTitle "GM"]
[WhiteElo "2570"]
[BlackElo "2474"]
[WhiteFideId "884189"]
[BlackFideId "5089000"]
[EventDate "2025.04.27"]

1. c4 Nf6 2. Nc3 e5 3. Nf3 Nc6 4. e3 Bb4 5. Qc2 Bxc3 6. bxc3 d6 7. Be2 O-O 8. e4
Nh5 9. d4 Qf6 10. d5 Na5 11. c5 Nf4 12. Bxf4 Qxf4 13. g3 Qh6 14. Qa4 b6 15. c6
f5 16. exf5 Bxf5 17. O-O Bh3 18. Rfd1 e4 19. Nh4 Rae8 20. Qd4 Re5 21. c4 Qf6 22.
Rac1 Qf7 23. Rc3 g5 24. Ng2 h5 25. Rf1 h4 26. Re3 Qf5 27. f4 Ree8 28. fxg5 Qxg5
29. Rxf8+ Rxf8 30. Qxe4 Qf6 31. Nf4 Bf5 32. Qe7 Qa1+ 33. Kf2 1-0

[Event "Sardinia World Open A"]
[Site "Orosei ITA"]
[Date "2025.05.02"]
[Round "8.7"]
[White "Ibrayev, Nurlan"]
[Black "Amar, Elham"]
[Result "0-1"]
[WhiteTitle "GM"]
[BlackTitle "GM"]
[WhiteElo "2367"]
[BlackElo "2546"]
[WhiteFideId "13700650"]
[BlackFideId "1533533"]
[EventDate "2025.04.27"]

1. e4 c6 2. d4 d5 3. e5 c5 4. dxc5 e6 5. Nf3 Bxc5 6. a3 f6 7. b4 Be7 8. Bb2 a5
9. b5 Nd7 10. c4 fxe5 11. cxd5 exd5 12. Qxd5 Ngf6 13. Qa2 Nc5 14. Nxe5 Be6 15.
Bc4 Bxc4 16. Qxc4 Qd5 17. Nd2 O-O 18. O-O Qxc4 19. Ndxc4 Na4 20. Bd4 Rfd8 21.
Be3 Rd5 22. f4 Rxb5 23. Rfb1 Nc3 24. Rxb5 Nxb5 25. a4 Nc3 26. Kf1 Nfd5 27. Bd2
Bb4 28. Nd3 Ne4 29. Bxb4 axb4 30. Re1 Nec3 31. a5 Rf8 32. g3 g5 33. Nd6 gxf4 34.
Nxb7 b3 35. Nbc5 Rb8 36. a6 b2 37. Nxb2 Ne3+ 38. Kg1 Rxb2 39. gxf4 Ncd1 40. Nd3
Ra2 41. Nf2 Nxf2 42. Rxe3 Kf7 43. h3 Kf6 44. a7 Nd1 45. Rd3 Nb2 46. Rd2 Ra1+ 47.
Kf2 Nc4 48. Rd7 h6 49. Kf3 Ra3+ 50. Ke4 Ke6 51. Rh7 Nd6+ 52. Kd4 Nf7 53. Ke4 Kf6 0-1

[Event "Sardinia World Open A"]
[Site "Orosei ITA"]
[Date "2025.05.02"]
[Round "8.8"]
[White "Sokolovsky, Yahli"]
[Black "Fromm, Marius"]
[Result "1/2-1/2"]
[WhiteTitle "GM"]
[BlackTitle "IM"]
[WhiteElo "2546"]
[BlackElo "2436"]
[WhiteFideId "2820242"]
[BlackFideId "12993190"]
[EventDate "2025.04.27"]

1. e4 e6 2. d4 d5 3. e5 c5 4. c3 Nc6 5. Nf3 Bd7 6. Be2 Nge7 7. O-O Nf5 8. dxc5
a5 9. Bd3 Bxc5 10. a4 h6 11. Nbd2 Ba7 12. Re1 O-O 13. Nb3 Nh4 14. Nbd4 Nxf3+ 15.
Qxf3 f6 16. exf6 Rxf6 17. Qd1 e5 18. Nxc6 Bxf2+ 19. Kh1 Bxc6 20. Rxe5 Qd6 21.
Qh5 g6 22. Qe2 Bb6 23. Bf4 Raf8 24. Bg3 Bf2 25. Bf4 Bb6 26. Bg3 Bf2 27. Bxf2
Rxf2 28. Re6 Qf4 29. Rxg6+ Kh8 30. Rg4 Rxe2 31. Rxf4 Rxf4 32. Bxe2 Rf2 33. Re1
d4 34. Bf3 d3 35. Kg1 Rxb2 36. Bxc6 bxc6 37. Rd1 d2 38. Kf2 Rc2 39. Ke2 Rxc3 40.
Rxd2 Rc4 41. Rd6 Kg7 42. Ke3 c5 43. Rc6 h5 44. Kd3 Rd4+ 45. Ke3 Rc4 46. Kd3 Rd4+
47. Ke3 Rc4 1/2-1/2